[Event "ch-USA w 2025"]
[Site "Saint Louis USA"]
[Date "2025.10.12"]
[Round "1.1"]
[White "Paragua, Megan Althea"]
[Black "Abrahamyan, Tatev"]
[Result "1/2-1/2"]
[WhiteTitle "FM"]
[BlackTitle "IM"]
[WhiteElo "2259"]
[BlackElo "2407"]
[WhiteFideId "30973007"]
[BlackFideId "13301918"]
[EventDate "2025.10.12"]

1. Nf3 Nf6 2. e3 g6 3. c4 Bg7 4. Nc3 O-O 5. Be2 d6 6. O-O e5 7. d3 Nc6 8. Rb1 d5
9. cxd5 Nxd5 10. e4 Nde7 11. b4 a6 12. Be3 h6 13. a4 Nd4 14. Bxd4 exd4 15. Na2
f5 16. Nc1 g5 17. Nb3 Ng6 18. Re1 g4 19. Nfd2 Ne5 20. exf5 Bxf5 21. Nf1 h5 22.
Ng3 Bg6 23. Nc5 Qc8 24. h4 Qd8 25. Ne6 Qxh4 26. Nxf8 Rxf8 27. Bf1 Qf6 28. Rb2 h4
29. Ne4 Qf5 30. Qd2 h3 31. Ng3 Qf6 32. Rxe5 Qxe5 33. gxh3 gxh3 34. Bxh3 Kh7 35.
Bg2 Bh6 36. Qd1 Bf4 37. Ne4 Bh5 38. Qc2 Rg8 39. Kf1 b6 40. Qc4 Rg7 41. Qd5 Qxd5
42. Nf6+ Kg6 43. Nxd5 Bd6 44. a5 bxa5 45. bxa5 Kf7 46. Nb4 Rg5 47. Nc6 Rc5 48.
Be4 Bg6 49. Bxg6+ Kxg6 50. Nxd4 Rxa5 51. Ke2 Ra4 52. Nc2 Kf6 53. d4 Ke6 54. Kd3
c5 55. dxc5 Bxc5 56. Ne3 Ra3+ 57. Kc4 Bxe3 58. fxe3 Rxe3 59. Rb6+ Kf5 60. Rxa6
Re6 61. Rxe6 Kxe6 1/2-1/2

[Event "ch-USA w 2025"]
[Site "Saint Louis USA"]
[Date "2025.10.12"]
[Round "1.2"]
[White "Paikidze, Nazi"]
[Black "Cervantes Landeiro, Thalia"]
[Result "1/2-1/2"]
[WhiteTitle "IM"]
[BlackTitle "FM"]
[WhiteElo "2297"]
[BlackElo "2311"]
[WhiteFideId "13603620"]
[BlackFideId "3520498"]
[EventDate "2025.10.12"]

1. Nf3 d5 2. g3 Nf6 3. Bg2 e6 4. O-O c5 5. d3 Nc6 6. a4 Be7 7. Bf4 O-O 8. e4 d4
9. Na3 Nd7 10. Nc4 Nb6 11. Nxb6 Qxb6 12. Qe2 Bd7 13. h4 Qd8 14. c3 Rc8 15. e5
dxc3 16. bxc3 Na5 17. Nd2 Bc6 18. Bxc6 Rxc6 19. Rab1 Qd7 20. Ne4 Ra6 21. Bg5 Kh8
22. Rb5 b6 23. Bxe7 Qxe7 24. d4 Nb7 25. dxc5 Rxa4 26. cxb6 axb6 27. Rxb6 Qc7 28.
Ng5 Qxb6 29. Qc2 Rxh4 30. gxh4 g6 31. Qe4 h6 32. Rb1 Qd8 33. Nf3 Na5 34. Rb5 Kh7
35. h5 Rg8 36. Kh2 Qa8 37. hxg6+ fxg6 38. Qxa8 Rxa8 39. Nd4 Ra6 40. Nxe6 Rxe6
41. Rxa5 g5 42. Rd5 Kg6 43. Rd6 Kf5 44. Rxe6 Kxe6 45. Kg3 h5 46. f4 h4+ 47. Kg4
gxf4 48. Kxf4 h3 49. Kg3 Kxe5 50. Kxh3 Kd5 51. c4+ Kxc4 1/2-1/2

[Event "ch-USA w 2025"]
[Site "Saint Louis USA"]
[Date "2025.10.12"]
[Round "1.3"]
[White "Sargsyan, Anna M."]
[Black "Atwell, Rose"]
[Result "1-0"]
[WhiteTitle "IM"]
[BlackTitle "FM"]
[WhiteElo "2369"]
[BlackElo "2353"]
[WhiteFideId "13308130"]
[BlackFideId "30951011"]
[EventDate "2025.10.12"]

1. e4 e6 2. d4 d5 3. e5 c5 4. c3 Nc6 5. Nf3 Bd7 6. Be2 Nge7 7. O-O cxd4 8. cxd4
Nf5 9. Nc3 Be7 10. a3 O-O 11. b4 Rc8 12. Qd2 f6 13. g4 Nh6 14. exf6 Rxf6 15. Ne5
Nf7 16. f4 a5 17. Nxd7 Qxd7 18. Na4 Nd6 19. b5 Na7 20. Nb6 Qc7 21. Nxc8 Naxc8
22. Bd3 Nc4 23. Qe2 Qb6 24. Be3 N8d6 25. a4 Qc7 26. g5 Rf7 27. Bxh7+ Kxh7 28.
Qh5+ Kg8 29. g6 Bf6 30. gxf7+ Kf8 31. Bf2 Ne4 32. f5 Qb6 33. fxe6 Qxe6 34. Rac1
Ng5 35. Rc3 Nxf7 36. Re1 Qd7 37. Kh1 Qd8 38. Rh3 Qd7 39. Rc3 Qd8 40. Rc2 1-0

[Event "ch-USA w 2025"]
[Site "Saint Louis USA"]
[Date "2025.10.12"]
[Round "1.4"]
[White "Krush, Irina"]
[Black "Lee, Alice"]
[Result "1-0"]
[WhiteTitle "GM"]
[BlackTitle "IM"]
[WhiteElo "2388"]
[BlackElo "2409"]
[WhiteFideId "2012782"]
[BlackFideId "30941822"]
[EventDate "2025.10.12"]

1. c4 e6 2. d4 d5 3. Nc3 Nf6 4. cxd5 exd5 5. Bg5 Be7 6. e3 h6 7. Bh4 Bg4 8. Qc2
O-O 9. Nge2 Qd7 10. Bxf6 Bxf6 11. Nf4 c6 12. Bd3 Qd6 13. h3 Bd7 14. Nh5 Bd8 15.
O-O Bc7 16. f4 c5 17. Qf2 c4 18. Bc2 g6 19. e4 gxh5 20. e5 Qc6 21. f5 Rd8 22.
Qg3+ Kf8 23. f6 Be6 24. Ba4 Bb6 25. Rad1 Ke8 26. Qh4 Kd7 27. Qxh5 a6 28. Bxc6+
Nxc6 29. Ne2 Rg8 30. Kh2 Rg5 31. Qxh6 Rag8 32. g4 Ba7 33. Qh4 b5 34. b3 c3 35.
a3 a5 36. b4 c2 37. Rd2 axb4 38. axb4 Nxb4 39. Qg3 Nc6 40. Qa3 b4 41. Qa4 b3 42.
Qxb3 Rb8 43. Qxc2 Rgg8 44. Rb1 Bb6 45. Qa4 Ra8 46. Qb5 Rab8 47. Qa6 Kc7 48. Rc2
Rgc8 49. Rcb2 1-0

[Event "ch-USA w 2025"]
[Site "Saint Louis USA"]
[Date "2025.10.12"]
[Round "1.5"]
[White "Yu, Jennifer"]
[Black "Zatonskih, Anna"]
[Result "1/2-1/2"]
[WhiteTitle "FM"]
[BlackTitle "IM"]
[WhiteElo "2256"]
[BlackElo "2310"]
[WhiteFideId "2078341"]
[BlackFideId "14101572"]
[EventDate "2025.10.12"]

1. d4 d5 2. c4 e6 3. Nc3 Nf6 4. cxd5 exd5 5. Bg5 Be7 6. e3 c6 7. Bd3 O-O 8. Bf4
Re8 9. Nf3 Nh5 10. Be5 g6 11. h3 Ng7 12. g4 Be6 13. Kf1 Nd7 14. Bg3 Nb6 15. b3
Bd6 16. Ne2 Bxg3 17. Nxg3 Nd7 18. Kg2 Rf8 19. Ne5 f6 20. Nxd7 Bxd7 21. h4 f5 22.
h5 f4 23. hxg6 fxg3 24. gxh7+ Kh8 25. f4 Qe7 26. Qf3 Bxg4 27. Qxg4 Qxe3 28. Qxg3
Qd2+ 29. Kg1 Rae8 30. Rh3 Ne6 31. Qe3 Qc3 32. Rc1 Qxd4 33. Qxd4+ Nxd4 34. Rf1
Re7 35. Rf2 Ref7 36. Rg3 Nf5 37. Rg5 Nd6 38. Rfg2 Ne4 39. R5g4 Rxh7 40. f5 Nf6
41. Rg6 Nd7 42. Bc2 Nf6 43. b4 Rff7 44. Re2 Rhg7 45. Re6 Ne4 46. Bxe4 dxe4 47.
Rxg7 Kxg7 48. Kf2 Rxf5+ 49. Ke3 Kf7 50. Rxe4 Rd5 51. a3 Rd7 52. Rh4 Ke7 53. Rh8
Kf7 54. Ke4 Ke7 55. Ke3 a6 56. Ke4 Kf6 57. Rh6+ Kg7 58. Rh3 Kf8 59. Rh5 Ke8 60.
Rh8+ Ke7 61. Ke3 Kd6 62. Kd4 Kc7+ 63. Kc4 Kb6 64. a4 a5 65. bxa5+ Kxa5 66. Ra8+
Kb6 67. Rh8 Re7 68. Rh5 Rg7 69. Kb4 Rg4+ 70. Kb3 Rd4 71. Rg5 c5 72. Rh5 Rd3+ 73.
Kb2 Kc6 74. Rh6+ Rd6 75. Rh5 Re6 76. Kb3 Kd6 77. Rg5 Re3+ 78. Kc4 Re4+ 79. Kb3
Rb4+ 80. Ka3 Kc6 81. Rh5 Rd4 82. Kb3 Rd3+ 83. Kc4 Rd4+ 84. Kb3 Re4 85. Rg5 Rh4
86. Rf5 Kd6 87. Rg5 Re4 88. Rh5 Re5 89. Rh7 Kc6 90. Rg7 Kb6 91. Rh7 Re3+ 92. Kb2
Kc6 93. Rh6+ Kd7 94. Rb6 Kc7 95. a5 Re7 96. Kc3 Re4 97. Rb5 Kc6 98. Rb6+ Kc7 99.
Rb5 Kc6 100. Rb6+ Kc7 1/2-1/2

[Event "ch-USA w 2025"]
[Site "Saint Louis USA"]
[Date "2025.10.12"]
[Round "1.6"]
[White "Yip, Carissa"]
[Black "Pourkashiyan, Atousa"]
[Result "0-1"]
[WhiteTitle "IM"]
[BlackTitle "WGM"]
[WhiteElo "2452"]
[BlackElo "2291"]
[WhiteFideId "2090732"]
[BlackFideId "12502014"]
[EventDate "2025.10.12"]

1. e4 e5 2. Nf3 Nc6 3. Bc4 Nf6 4. d3 h6 5. a4 d6 6. a5 a6 7. c3 g6 8. Qb3 Qe7 9.
Nbd2 Bg7 10. O-O O-O 11. Re1 Nd8 12. Nf1 Be6 13. Ne3 Bxc4 14. Nxc4 Ne6 15. Be3
Rfb8 16. Qc2 Ng4 17. Bd2 Re8 18. h3 Nf6 19. b4 Rad8 20. Rab1 c6 21. Be3 Nd7 22.
Bd2 Rf8 23. g3 Kh7 24. Bc1 Nc7 25. Kg2 Rfe8 26. d4 Qe6 27. Ncd2 Nb5 28. Bb2 exd4
29. cxd4 d5 30. e5 Qe7 31. Bc1 Nf8 32. Rb3 f5 33. Qd3 Ne6 34. h4 Qf7 35. Rb1 Kg8
36. Nf1 f4 37. g4 Rf8 38. N1d2 h5 39. gxh5 gxh5 40. Bb2 Qf5 41. Qxf5 Rxf5 42.
Rg1 Bf8 43. Ba1 Rd7 44. Kh3+ Rg7 45. Rgd1 Kf7 46. Rb3 Ke8 47. Nb1 Be7 48. Nc3
Nxc3 49. Bxc3 Rf8 50. Bd2 Rfg8 51. Rbb1 Rg4 52. Rdc1 Nxd4 53. Ng5 Bxg5 54. hxg5
Nf3 0-1

[Event "ch-USA w 2025"]
[Site "Saint Louis USA"]
[Date "2025.10.13"]
[Round "2.1"]
[White "Atwell, Rose"]
[Black "Cervantes Landeiro, Thalia"]
[Result "1-0"]
[WhiteTitle "FM"]
[BlackTitle "FM"]
[WhiteElo "2353"]
[BlackElo "2311"]
[WhiteFideId "30951011"]
[BlackFideId "3520498"]
[EventDate "2025.10.12"]

1. e4 c5 2. Nc3 Nc6 3. g3 g6 4. Bg2 Bg7 5. d3 d6 6. Nge2 e6 7. O-O Nge7 8. Bg5
O-O 9. Qd2 Rb8 10. Rab1 b5 11. a3 a5 12. a4 bxa4 13. Nxa4 Bd7 14. b3 Re8 15. Nb2
Qc7 16. Nc4 Ra8 17. Bf4 e5 18. Be3 Nd4 19. f4 Nxe2+ 20. Qxe2 Nc6 21. f5 f6 22.
h4 Nd4 23. Qd2 gxf5 24. c3 Nb5 25. h5 d5 26. exd5 Nd6 27. Qf2 Bf8 28. Bxc5 Ne4
29. Bb6 Nxf2 30. Bxc7 Nxd3 31. d6 Ra7 32. Bb6 Ra6 33. Bb7 Rxb6 34. Nxb6 Be6 35.
Nd5 Kf7 36. Nc7 Rb8 37. Nxe6 Kxe6 38. Ba6 e4 39. Bxd3 exd3 40. Rfd1 Bxd6 41.
Rxd3 Rg8 42. Kf2 Bc5+ 43. Ke2 Bd6 44. Ra1 Bxg3 45. Rxa5 Be5 46. Ra6+ Ke7 47.
Ra7+ Ke6 48. Rxh7 Rg2+ 49. Kf1 Rh2 50. Kg1 Rh4 51. c4 f4 52. c5 Kf5 53. c6 Ke4
54. Rd1 Rh3 55. Rg7 Bd4+ 56. Rxd4+ Kxd4 57. h6 Ke3 58. c7 f3 59. Re7+ 1-0

[Event "ch-USA w 2025"]
[Site "Saint Louis USA"]
[Date "2025.10.13"]
[Round "2.2"]
[White "Abrahamyan, Tatev"]
[Black "Yip, Carissa"]
[Result "1/2-1/2"]
[WhiteTitle "IM"]
[BlackTitle "IM"]
[WhiteElo "2407"]
[BlackElo "2452"]
[WhiteFideId "13301918"]
[BlackFideId "2090732"]
[EventDate "2025.10.12"]

1. e4 e5 2. Nf3 Nc6 3. Nc3 Nf6 4. d4 exd4 5. Nxd4 Bb4 6. Nxc6 bxc6 7. Bd3 d5 8.
exd5 O-O 9. O-O cxd5 10. h3 Rb8 11. Qf3 c6 12. Bf4 Bd6 13. b3 Rb4 14. Bxd6 Qxd6
15. Ne2 a5 16. c3 Rb8 17. Rad1 Re8 18. c4 Qa3 19. cxd5 cxd5 20. Nc3 Be6 21. Qf4
Qb4 22. Qxb4 axb4 23. Nb5 Bd7 24. Nd4 Ra8 25. Rd2 Rec8 26. f3 Rc5 27. Bb1 Rb8
28. Rfd1 Kf8 29. Nc2 Be6 30. Rd4 Rcb5 31. Ne3 Rd8 32. f4 g6 33. g4 h5 34. f5
gxf5 35. gxf5 Bd7 36. Bd3 Rb6 37. Bb1 Rb5 38. Kf2 Bc6 39. Bd3 Ra5 40. Bb1 Rb8
41. Rc1 Ba8 42. Kg3 Ra7 43. Kf4 Re7 44. Bd3 Ra7 45. Bb1 Re7 46. Bd3 Ra7 47. Bb1
Re7 1/2-1/2

[Event "ch-USA w 2025"]
[Site "Saint Louis USA"]
[Date "2025.10.13"]
[Round "2.3"]
[White "Lee, Alice"]
[Black "Yu, Jennifer"]
[Result "1-0"]
[WhiteTitle "IM"]
[BlackTitle "FM"]
[WhiteElo "2409"]
[BlackElo "2256"]
[WhiteFideId "30941822"]
[BlackFideId "2078341"]
[EventDate "2025.10.12"]

1. d4 d5 2. Nf3 Nf6 3. g3 e6 4. Bg2 Be7 5. O-O O-O 6. c4 a5 7. Ne5 c6 8. Nc3
Nbd7 9. e4 dxc4 10. Nxc4 b5 11. Ne3 b4 12. Na4 Ba6 13. Re1 Bb5 14. b3 Qc7 15.
Nc4 e5 16. Nxe5 Nxe5 17. dxe5 Qxe5 18. Bb2 Qe6 19. Qc2 Rfd8 20. e5 Nd5 21. Be4
g6 22. Nc5 Qg4 23. e6 f5 24. Bg2 f4 25. Nd7 f3 26. h3 Qh5 27. Re5 g5 28. Rxd5
cxd5 29. Qf5 Rxd7 30. exd7 1-0

[Event "ch-USA w 2025"]
[Site "Saint Louis USA"]
[Date "2025.10.13"]
[Round "2.4"]
[White "Zatonskih, Anna"]
[Black "Paragua, Megan Althea"]
[Result "1/2-1/2"]
[WhiteTitle "IM"]
[BlackTitle "FM"]
[WhiteElo "2310"]
[BlackElo "2259"]
[WhiteFideId "14101572"]
[BlackFideId "30973007"]
[EventDate "2025.10.12"]

1. d4 Nf6 2. c4 e6 3. Nc3 d5 4. cxd5 exd5 5. Bg5 Be7 6. e3 O-O 7. Bd3 h6 8. Bh4
b6 9. Nge2 Bb7 10. O-O Ne4 11. Bxe7 Qxe7 12. Rc1 Nd7 13. Nf4 Nxc3 14. Rxc3 c5
15. b3 cxd4 16. exd4 Nf6 17. Rc2 Rac8 18. Re1 Qd6 19. Nh5 Nxh5 20. Qxh5 Qb4 21.
Qd1 Rce8 22. Rxe8 Rxe8 23. Re2 Kf8 24. Rxe8+ Kxe8 25. Kf1 Kd8 26. Be2 Qa3 27.
Qd2 Ba6 28. f3 Bxe2+ 29. Kxe2 Qe7+ 30. Kd3 Qd6 31. g3 Qf6 32. Ke3 Qe7+ 33. Kd3
Qf6 34. Ke3 Qe7+ 35. Kd3 Qf6 36. Ke3 Qe7+ 1/2-1/2

[Event "ch-USA w 2025"]
[Site "Saint Louis USA"]
[Date "2025.10.13"]
[Round "2.5"]
[White "Pourkashiyan, Atousa"]
[Black "Paikidze, Nazi"]
[Result "0-1"]
[WhiteTitle "WGM"]
[BlackTitle "IM"]
[WhiteElo "2291"]
[BlackElo "2297"]
[WhiteFideId "12502014"]
[BlackFideId "13603620"]
[EventDate "2025.10.12"]

1. e4 c6 2. d4 d5 3. e5 Bf5 4. h4 h5 5. Bd3 Bxd3 6. Qxd3 e6 7. Nf3 Qa5+ 8. Nbd2
Nh6 9. O-O Nf5 10. Nb3 Qa6 11. Qd1 Nd7 12. c3 Be7 13. g3 Qb6 14. Bg5 c5 15. dxc5
Nxc5 16. Nbd4 Nxd4 17. cxd4 Ne4 18. Rc1 Nxg5 19. Qa4+ Kf8 20. hxg5 Qd8 21. Rc3
g6 22. Rfc1 Bxg5 23. Nxg5 Qxg5 24. Rc7 Qf5 25. Rxb7 Kg7 26. Rcc7 Raf8 27. Qc2
Qg4 28. Qd2 g5 29. Qb4 Qf5 30. Qe7 Rh6 31. Rc3 h4 32. gxh4 gxh4 33. Kf1 Qg4 34.
Ke1 Rg6 35. Rbb3 Qe4+ 36. Re3 Qc2 37. Kf1 h3 38. Rbc3 Qd1+ 39. Re1 Rg1+ 40. Kxg1
Qxe1+ 41. Kh2 Qxf2+ 42. Kxh3 Rh8+ 43. Kg4 Qf5+ 44. Kg3 Rh3+ 45. Kg2 Qg4+ 46. Kf1
Rh1+ 0-1

[Event "ch-USA w 2025"]
[Site "Saint Louis USA"]
[Date "2025.10.13"]
[Round "2.6"]
[White "Sargsyan, Anna M."]
[Black "Krush, Irina"]
[Result "1-0"]
[WhiteTitle "IM"]
[BlackTitle "GM"]
[WhiteElo "2369"]
[BlackElo "2388"]
[WhiteFideId "13308130"]
[BlackFideId "2012782"]
[EventDate "2025.10.12"]

1. d4 Nf6 2. c4 e6 3. Nf3 d5 4. Nc3 dxc4 5. e4 b5 6. e5 Nd5 7. Nxb5 Nb6 8. Nc3
Bb7 9. Bxc4 Nxc4 10. Qa4+ Nc6 11. Qxc4 Nb4 12. Nb5 c6 13. Nd6+ Bxd6 14. exd6 a5
15. O-O Ba6 16. Qc5 Bxf1 17. Bg5 f6 18. Rxf1 O-O 19. Bh4 Qd7 20. Bg3 Nxa2 21.
Nd2 Nb4 22. Qc4 Rfb8 23. Nb3 Nd5 24. Nc5 Qf7 25. Qa4 Rxb2 26. Qxc6 Rbb8 27. d7
Rd8 28. Ra1 h5 29. h3 Ra7 30. Nxe6 Rdxd7 31. Qc8+ Kh7 32. Nf8+ Kh6 33. Qc1+ g5
34. Nxd7 Qxd7 35. h4 a4 36. hxg5+ fxg5 37. Qc5 h4 38. Be5 Ra6 39. Qf8+ Kg6 40.
Qg8+ Kh6 41. Ra3 g4 42. f4 Qf5 43. Ra1 Nxf4 44. Qc4 Rb6 45. Rf1 Rb1 46. Bxf4+
Kg6 47. Qg8+ 1-0

[Event "ch-USA w 2025"]
[Site "Saint Louis USA"]
[Date "2025.10.14"]
[Round "3.1"]
[White "Paikidze, Nazi"]
[Black "Abrahamyan, Tatev"]
[Result "1-0"]
[WhiteTitle "IM"]
[BlackTitle "IM"]
[WhiteElo "2297"]
[BlackElo "2407"]
[WhiteFideId "13603620"]
[BlackFideId "13301918"]
[EventDate "2025.10.12"]

1. d4 Nf6 2. c4 g6 3. Nc3 Bg7 4. e4 d6 5. h3 e5 6. d5 a5 7. Be3 Na6 8. g4 h5 9.
g5 Nd7 10. h4 O-O 11. Nge2 Ndc5 12. Ng3 Bg4 13. Be2 Bxe2 14. Qxe2 a4 15. O-O a3
16. b3 c6 17. Kh2 Qa5 18. Bd2 Nb4 19. Nd1 Qb6 20. Ne3 f6 21. Nef5 gxf5 22. g6 f4
23. Nf5 Rfd8 24. Qxh5 Qc7 25. Qh7+ Kf8 26. Bxb4 Nxe4 27. Nh6 Ke8 28. Rae1 Nc5
29. Nf5 Kf8 30. h5 Qd7 31. h6 Bxh6 32. Qh8# 1-0

[Event "ch-USA w 2025"]
[Site "Saint Louis USA"]
[Date "2025.10.14"]
[Round "3.2"]
[White "Yu, Jennifer"]
[Black "Sargsyan, Anna M."]
[Result "1/2-1/2"]
[WhiteTitle "FM"]
[BlackTitle "IM"]
[WhiteElo "2256"]
[BlackElo "2369"]
[WhiteFideId "2078341"]
[BlackFideId "13308130"]
[EventDate "2025.10.12"]

1. c4 e5 2. g3 Nf6 3. Bg2 c6 4. Nf3 e4 5. Nd4 d5 6. cxd5 Qxd5 7. e3 Qe5 8. d3
exd3 9. Nd2 Bc5 10. Nc4 Qe7 11. O-O O-O 12. Qxd3 Rd8 13. b3 Bg4 14. Bb2 Na6 15.
a3 Nc7 16. Qc2 Re8 17. h3 Be6 18. Nxe6 Nxe6 19. b4 Bb6 20. Nxb6 axb6 21. Rae1
Rad8 22. f4 c5 23. f5 Ng5 24. e4 cxb4 25. h4 Rc8 26. Bxf6 Qxf6 27. hxg5 Qxg5 28.
Qf2 bxa3 29. Re3 Rc2 30. Qxc2 Qxe3+ 31. Qf2 Qb3 32. f6 a2 33. Qf4 Qc3 34. Qg5 g6
35. Qh6 Qxf6 36. Rxf6 a1=Q+ 37. Rf1 Qd4+ 38. Kh2 Re5 39. Qf4 Rh5+ 40. Bh3 Qd7
41. g4 Rc5 42. Rf2 Qe7 43. Qf6 Qc7+ 44. Kh1 Rc6 45. Qf4 Qe7 46. Bf1 Rc5 47. Kg1
b5 48. Rd2 b4 49. Qd6 Qg5 50. Qd8+ Kg7 51. Qxg5 Rxg5 52. Be2 h5 53. Rd7 b5 54.
Rb7 b3 55. Bxb5 Rxg4+ 56. Kf2 Rxe4 57. Bd3 Rg4 58. Rxb3 f5 59. Be2 Rd4 60. Kg3
Kh6 61. Kh3 Rd6 62. Rf3 Kg5 63. Bd3 Rd4 64. Kg3 Kf6 65. Kh3 Rd5 66. Kh4 g5+ 67.
Kxh5 g4 68. Rxf5+ Rxf5+ 69. Kxg4 Rd5 70. Be4 Rd4 71. Kf4 Rb4 72. Kf3 Ke5 73. Bc2
Rc4 74. Bg6 Rf4+ 75. Ke3 Rg4 76. Bd3 Rg3+ 77. Ke2 Rh3 78. Bg6 Rh6 79. Bd3 Kd4
80. Bf5 Rf6 81. Bh7 Rh6 82. Bf5 Ke5 83. Bd3 Kf4 84. Kd2 Rh2+ 85. Kc3 Ke3 86. Bc4
Rh8 87. Be6 Re8 88. Bd7 Re7 89. Bb5 Rc7+ 90. Bc4 Rc8 91. Kb3 Kd4 92. Ba6 Re8 93.
Kc2 Ra8 94. Bf1 Ra5 95. Kb3 Ra1 96. Be2 Re1 97. Ba6 Re3+ 1/2-1/2

[Event "ch-USA w 2025"]
[Site "Saint Louis USA"]
[Date "2025.10.14"]
[Round "3.3"]
[White "Yip, Carissa"]
[Black "Zatonskih, Anna"]
[Result "1/2-1/2"]
[WhiteTitle "IM"]
[BlackTitle "IM"]
[WhiteElo "2452"]
[BlackElo "2310"]
[WhiteFideId "2090732"]
[BlackFideId "14101572"]
[EventDate "2025.10.12"]

1. e4 e6 2. d4 d5 3. e5 c5 4. c3 Nc6 5. Nf3 Bd7 6. Be2 Nge7 7. O-O Nf5 8. dxc5
a5 9. Bd3 Bxc5 10. Qe2 Nh4 11. Nbd2 a4 12. Nxh4 Qxh4 13. Nf3 Qh5 14. Bd2 f6 15.
b4 axb3 16. exf6 gxf6 17. axb3 O-O 18. c4 Rxa1 19. Rxa1 Ne5 20. Bc3 Nxf3+ 21.
Qxf3 Qxf3 22. gxf3 dxc4 23. bxc4 Bc6 24. Be4 Bxe4 25. fxe4 f5 26. Ra5 b6 27. Ra7
Rf7 28. Ra8+ Rf8 29. Ra7 Rf7 30. Ra8+ Rf8 31. Ra7 Rf7 32. Ra8+ Rf8 33. Ra7 Rf7 1/2-1/2

[Event "ch-USA w 2025"]
[Site "Saint Louis USA"]
[Date "2025.10.14"]
[Round "3.4"]
[White "Cervantes Landeiro, Thalia"]
[Black "Pourkashiyan, Atousa"]
[Result "1-0"]
[WhiteTitle "FM"]
[BlackTitle "WGM"]
[WhiteElo "2311"]
[BlackElo "2291"]
[WhiteFideId "3520498"]
[BlackFideId "12502014"]
[EventDate "2025.10.12"]

1. d4 Nf6 2. c4 e6 3. Nc3 d5 4. cxd5 exd5 5. Bg5 c6 6. e3 Bf5 7. Qf3 Bg6 8. Bxf6
Qxf6 9. Qxf6 gxf6 10. h4 h5 11. Nh3 Bd6 12. g3 Nd7 13. Nf4 Nb6 14. f3 Nc8 15.
Kf2 Ne7 16. Bh3 Kf8 17. e4 dxe4 18. fxe4 c5 19. d5 Be5 20. Kf3 Rd8 21. Rad1 Rg8
22. Rhe1 Nc8 23. Nd3 b6 24. Nxe5 fxe5 25. Bxc8 Rxc8 26. Nb5 Ke7 27. a4 Kd7 28.
Nxa7 Ra8 29. Nc6 Kd6 30. Ra1 f6 31. a5 Be8 32. axb6 Bxc6 33. dxc6 Kxc6 34. Rxa8
Rxa8 35. g4 hxg4+ 36. Kxg4 Kxb6 37. Kf5 Ra2 38. Rb1 c4 39. h5 Kc5 40. h6 Ra8 41.
h7 Kd4 42. Rh1 Rh8 43. Rh3 Kc5 44. Kxf6 Kd4 45. Kg7 Rxh7+ 46. Rxh7 Kxe4 47. Kf6 1-0

[Event "ch-USA w 2025"]
[Site "Saint Louis USA"]
[Date "2025.10.14"]
[Round "3.5"]
[White "Krush, Irina"]
[Black "Atwell, Rose"]
[Result "1-0"]
[WhiteTitle "GM"]
[BlackTitle "FM"]
[WhiteElo "2388"]
[BlackElo "2353"]
[WhiteFideId "2012782"]
[BlackFideId "30951011"]
[EventDate "2025.10.12"]

1. Nf3 Nf6 2. c4 e6 3. b3 d5 4. Bb2 b6 5. cxd5 exd5 6. g3 Bb7 7. Bg2 Nbd7 8. O-O
a6 9. Nc3 Bd6 10. Nh4 O-O 11. Nf5 Bc5 12. d4 Bb4 13. a3 Bxc3 14. Bxc3 Re8 15.
Rc1 Nf8 16. Bb2 g6 17. Nh4 Qe7 18. e3 Ne6 19. Nf3 a5 20. Ne5 c5 21. Nf3 Ne4 22.
Re1 Rac8 23. dxc5 bxc5 24. Nd2 Nxd2 25. Qxd2 d4 26. exd4 Bxg2 27. Kxg2 cxd4 28.
Rxc8 Qb7+ 29. Kg1 Qxc8 30. Qxa5 Rd8 31. h4 Rd6 32. Rc1 Qd7 33. b4 Rd5 34. Qa8+
Kg7 35. Qc6 Qd8 36. b5 Kh6 37. a4 d3 38. Bf6 Qd7 39. Qxd7 Rxd7 40. Kf1 d2 41.
Rd1 Ra7 42. Rxd2 Rxa4 43. Rb2 Nc5 44. b6 Nb7 45. Ke2 Re4+ 46. Kd3 Nc5+ 47. Kd2
Re8 48. f3 Nb7 49. g4 Re6 50. Bd4 f5 51. Rc2 fxg4 52. fxg4 Rd6 53. Ke3 Re6+ 54.
Kf3 g5 55. Rc7 gxh4 56. Rxb7 Re1 57. Bf2 Rf1 58. Kg2 Rb1 59. Bxh4 Kg6 60. Rb8 1-0

[Event "ch-USA w 2025"]
[Site "Saint Louis USA"]
[Date "2025.10.14"]
[Round "3.6"]
[White "Paragua, Megan Althea"]
[Black "Lee, Alice"]
[Result "0-1"]
[WhiteTitle "FM"]
[BlackTitle "IM"]
[WhiteElo "2259"]
[BlackElo "2409"]
[WhiteFideId "30973007"]
[BlackFideId "30941822"]
[EventDate "2025.10.12"]

1. Nf3 Nf6 2. d4 g6 3. e3 Bg7 4. Be2 O-O 5. O-O d5 6. b3 c5 7. Bb2 cxd4 8. exd4
Nc6 9. Nbd2 Bf5 10. c3 Rc8 11. Re1 Rc7 12. Nf1 h5 13. Ng3 Bc8 14. Bc1 Qd6 15.
Bd3 Bg4 16. a4 h4 17. Ba3 Qd7 18. Nf1 h3 19. g3 Bh6 20. Bc1 Bxc1 21. Rxc1 Nxd4
22. cxd4 Rxc1 23. Qxc1 Bxf3 24. Qe3 Be4 25. Bxe4 dxe4 26. Nd2 Rc8 27. Nxe4 Nxe4
28. Qxe4 Rc3 29. Rb1 Qc8 30. Qe1 Qf5 31. Qf1 g5 32. Re1 g4 33. Rxe7 Qf3 34. Re8+
Kg7 35. Re1 Rxb3 36. Rd1 Rb2 37. Re1 Rd2 38. a5 Rxd4 39. Rb1 Ra4 40. Re1 Rxa5
41. Re3 Qd5 42. Re2 Kf8 43. Re1 Qf3 44. Rd1 Ra2 45. Rd8+ Kg7 46. Re8 Rb2 47. Re1
a5 48. Ra1 b5 0-1

[Event "ch-USA w 2025"]
[Site "Saint Louis USA"]
[Date "2025.10.15"]
[Round "4.1"]
[White "Krush, Irina"]
[Black "Yu, Jennifer"]
[Result "0-1"]
[WhiteTitle "GM"]
[BlackTitle "FM"]
[WhiteElo "2388"]
[BlackElo "2256"]
[WhiteFideId "2012782"]
[BlackFideId "2078341"]
[EventDate "2025.10.12"]

1. c4 e6 2. d4 d5 3. Nc3 Nf6 4. cxd5 exd5 5. Bg5 Be6 6. e3 Nbd7 7. Bd3 c6 8. h3
Be7 9. Bf4 g6 10. Nf3 Nh5 11. Bh2 O-O 12. Qc2 Re8 13. O-O-O b5 14. g4 Ng7 15.
Kb1 Rc8 16. Ne2 c5 17. dxc5 Nxc5 18. Ned4 b4 19. Qe2 Qb6 20. Rhg1 Bd7 21. h4
Nge6 22. Be5 Nxd3 23. Qxd3 Nc5 24. Qe2 f6 25. Bh2 Ne4 26. Ka1 Rc5 27. g5 Bc8 28.
gxf6 Bxf6 29. h5 Ba6 30. Qe1 Bc4 31. hxg6 h6 32. Nd2 Nxd2 33. Qxd2 Ra5 34. a3
bxa3 35. b3 Bxb3 36. Rb1 Rb5 37. Qc3 a5 38. Rgc1 a2 39. Rb2 a4 40. Bc7 Qb7 41.
Bd6 Rb6 42. Ba3 Qg7 43. Rd2 Bc4 44. Rb2 Bxd4 45. exd4 Rxg6 46. Rd2 Rg1 47. Rdd1
Rg2 48. Bd6 Rxf2 49. Be5 Qg6 50. Rg1 Rg2 51. Rxg2 Qxg2 52. Qe3 Kh7 53. Rg1 Rf8
54. Bg3 Qxg1+ 55. Qxg1 Rf1+ 56. Qxf1 Bxf1 57. Kxa2 h5 58. Ka3 Bb5 59. Kb4 Be8
60. Be1 Kg6 61. Kc5 a3 62. Kxd5 a2 63. Bc3 Kf5 64. Kc4 h4 65. Kb3 h3 0-1

[Event "ch-USA w 2025"]
[Site "Saint Louis USA"]
[Date "2025.10.15"]
[Round "4.2"]
[White "Atwell, Rose"]
[Black "Pourkashiyan, Atousa"]
[Result "1-0"]
[WhiteTitle "FM"]
[BlackTitle "WGM"]
[WhiteElo "2353"]
[BlackElo "2291"]
[WhiteFideId "30951011"]
[BlackFideId "12502014"]
[EventDate "2025.10.12"]

1. d4 Nf6 2. c4 e6 3. g3 d5 4. Bg2 Bd6 5. Nf3 O-O 6. O-O Nc6 7. b3 dxc4 8. bxc4
e5 9. e3 exd4 10. exd4 Bf5 11. Nbd2 Re8 12. Bb2 Qd7 13. Qb3 Ne4 14. Nxe4 Bxe4
15. c5 Bf8 16. Ne5 Nxe5 17. Bxe4 Nc6 18. Qd3 h6 19. Rfe1 Ne7 20. d5 Rad8 21.
Red1 Ng6 22. Bf5 Qe7 23. Rac1 Qe2 24. Qb3 Ne5 25. Kg2 Qh5 26. Bh3 b6 27. d6 cxd6
28. c6 g5 29. Bxe5 g4 30. Bxg4 Qxg4 31. c7 Rc8 32. Bxd6 Bg7 33. Bf4 Qg6 34. Re1
Rxe1 35. Rxe1 Bf8 36. Qd5 Qc2 37. Qd7 Ra8 38. Rc1 Qe4+ 39. Kg1 1-0